| 000 | 00413nam a2200169Ia 4500 | ||
|---|---|---|---|
| 005 | 20250423101645.0 | ||
| 008 | 250422s9999 xx 000 0 und d | ||
| 020 | _a9780443073670 | ||
| 050 | _aQR 41.2 .V81/ | ||
| 100 | _aKorsman,Stephen N.J... [et al] | ||
| 245 | 0 | _aVirology: an Illustrated colour text | |
| 260 | _aPhiladelphia | ||
| 260 | _bElsevier | ||
| 260 | _c2012 | ||
| 300 | _a138 p | ||
| 942 | _cBK | ||
| 999 |
_c36890 _d36890 |
||